00712nam a2200193 a 4500001001000000003000900010005001700019007000300036008004100039040002500080082002600105245010600131260004800237300002100285600005200306600005500358650001700413651008800430000025342DO-SdBNP20250501120733.0ta110215s1984 dr 000 0 spa d aDO-SdBNPbspacBNPHU 4a972.93053bG158er22213aLa era de Trujillo :bun estudio casuístico de dictadura hispanoamericana /cJesús de Galíndez. aSanto Domingo :bLotería Nacional,c1984. a238 p. ;c24 cm.14aTrujillo Molina, Rafael Leónidas,d1891-1961.14aTrujillo Molina, Héctor Bienvenido, d1908-2002.10aDemografía 4aRepública DominicanaxPolítica y gobiernoxHistoriayEra de Trujillo, 1930-1961